000
00283nam a22001217a 4500
041
_a
ENG
100
_a
Josephson .E.S
245
_a
Preservation Of Food By Ionizing Radiation Vol III
260
_a
New york
_b
CRC
_c
1983
300
_a
275
650
_a
APE
856
_u
Not to be Issued
999
_c
2527
_d
2527